000 00524nam a2200217Ia 4500
003 0100
008 130303s9999 xx 000 0 und d
020 _a521337992
040 _cARRUPELIB
050 _aB74.P48 1986
245 _aPhilosophers, ancient and modern
260 _aCambridge
260 _bCambridge University Press
260 _C1986
300 _ax
300 _b 315p. 23cm.
650 _aPHILOSOPHY
650 _bEthics, Modern--18th C
700 _aVesey, Godfrey Norman (ed.)
942 0 0 _03
999 _c13236
_d13236